000 00344nam a2200145Ia 4500
008 150201s2009 xx 000 0 und d
082 _a612.015
_bM09S
100 _aSOOD , RAMNIK
245 _aMEDICAL LABORATORY TECHNOLOGY -1
250 _a6TH
260 _bJAYPEE
_aDELHI
_c2009
300 _a808
650 _aBIOCHEMISTRY
942 _2ddc
_cBK
999 _c1945
_d1945